00876nam a2200241 i 450000100060000000300090000600500170001500700030003200800410003502000220007608000250009810000350012324500920015825000120025026000480026230000290031065000340033970000300037385200610040394200200046499900170048495201330050134045ES-MaACL20231114123436.0t|150216s2014 bl a ||||1| por d a978-85-89269-69-8 a821.134.3(81)-34"19"1 aLeal, Andreia Donadon.915637813aOs quatro meninos b: contos / cAndreia Donandon Leal ; ilustraçoes Mário DonLeal. a1ª ed. aMariana : bAldrava Letras e Artes, c2014. a50 p. : bil. ; c22 cm. 4aCuentos brasileños.91563761 aDonLeal, Mário.9156334 aES-MaACLjA-133699 35302bR.150128cDEPO1dOlim: N-6369 2udccMONOGRAFIA c34045d34045 00102udc4070aATENEOMbATENEOMcDEPO1d2008-01-17eDONACIONl0oA-13369p1035490r2023-02-23 00:00:00w2023-02-23yMONOGRAFIA